Textbook of veterinary internal medicine : Diseases of the dog and cat

This is an encyclopaedic resource for veterinary internal medical problems! This internationally acclaimed gold standardoffers unparalleled coverage of pathophysiology, diagnosis, and treatment of diseases affecting dogs and cats. The content presents the information on specialties ranging from onco...

Popoln opis

Shranjeno v:
Bibliografske podrobnosti
Format: Knjiga
Jezik:Undetermined
Izdano: London W. B. Saunders Company 1975
Teme:
Oznake: Označite
Brez oznak, prvi označite!
Thư viện lưu trữ: Trung tâm Học liệu Trường Đại học Cần Thơ
LEADER 01036nam a2200217Ia 4500
001 CTU_126534
008 210402s9999 xx 000 0 und d
020 |c 12.97 
082 |a 636.70896 
082 |b T355/ T.2 
245 0 |a Textbook of veterinary internal medicine : 
245 0 |b Diseases of the dog and cat 
245 0 |c Edited by Stephen J. Ettinger 
260 |a London 
260 |b W. B. Saunders Company 
260 |c 1975 
520 |a This is an encyclopaedic resource for veterinary internal medical problems! This internationally acclaimed gold standardoffers unparalleled coverage of pathophysiology, diagnosis, and treatment of diseases affecting dogs and cats. The content presents the information on specialties ranging from oncology, immunology and reproductive problems, to skeletal and joint disorders, gastroenterology, and more 
650 |a Veterinary internal medicine,Dog,Cats 
650 |x Diseases,Diseases. 
904 |i M.Loan, Huỳnh Mai 
980 |a Trung tâm Học liệu Trường Đại học Cần Thơ